LIBRARY & INFORMATION CENTRE, KCAET, TAVANUR

ONLINE PUBLIC ACCESS CATALOGUE (OPAC)

Progress in plant growth regulation proceedings of the fourteenth international conference on plant growth substances, Amsterdam / (Record no. 5844)

MARC details
000 -LEADER
fixed length control field 00852cam a2200193ua 4500
020 ## - INTERNATIONAL STANDARD BOOK NUMBER
ISBN 0 7923 1617 7
041 ## - LANGUAGE CODE
Language code of text/sound track or separate title eng
082 ## - DEWEY DECIMAL CLASSIFICATION NUMBER
Classification number 631.8
Item number KAR/PR
100 ## - MAIN ENTRY--AUTHOR NAME
Personal name Karssen, C M .
245 ## - TITLE STATEMENT
Title Progress in plant growth regulation proceedings of the fourteenth international conference on plant growth substances, Amsterdam /
260 ## - PUBLICATION, DISTRIBUTION, ETC. (IMPRINT)
Place of publication London :
Name of publisher Kluwer Academic Publishers ,
Year of publication 1991.
300 ## - PHYSICAL DESCRIPTION
Number of Pages 965 ; .
700 1# - ADDED ENTRY--PERSONAL NAME
Personal name Vanloon, L C .
700 1# - ADDED ENTRY--PERSONAL NAME
Personal name Vreugdennil, .
942 ## - ADDED ENTRY ELEMENTS (KOHA)
Koha item type Books
Holdings
Withdrawn status Lost status Damaged status Home library Current library Date acquired Full call number Accession Number Koha item type
      KAUAET   07/04/2012 631.8 19918 Books
free website counter